000 00411nam a22001697a 4500
005 20160628143803.0
008 160628b xxu||||| |||| 00| 0 eng d
020 _a81-88458-48-1
041 _aeng
082 _b11337
100 _aDogra, Dr. Rakesh
_93074
245 _aElectrical Engineering materials
260 _bKatson Books
_c2012
300 _a334
650 _aDiploma Engineering
_9817
942 _cBK
999 _c4463
_d4462